zufällige deutsche lyrics #07 - Statistiken

Allgemein
  • Dieses Quiz wurde 89 mal gespielt
  • Das Durchschnittsergebnis liegt bei 67 aus 220
Antwortstatistiken
Antwort % Korrekt
Du
96%
Ich
96%
ich
96%
wir
85%
Und
79%
und
79%
der
77%
die
77%
es
77%
das
76%
n
74%
Ihr
58%
ihr
58%
uns
56%
ist,
55%
ist
55%
nicht
55%
mich
52%
so
51%
So
51%
mein
49%
in
48%
ab
46%
Dass
46%
dass
46%
an
45%
wenn
45%
kann
44%
Dein
43%
sind
43%
Ma‘
40%
hasst
38%
ne
37%
sehe
35%
meine
32%
alle
31%
nur
31%
deine
30%
Deine
30%
Immer
30%
alles
27%
Nacht
27%
Ja,
26%
kein
25%
vor
25%
auch
24%
einem
24%
von
24%
Augen
23%
weiß
20%
deiner
18%
jetzt
18%
meinen
18%
Mutter
18%
Augen sind rot
17%
man
17%
rot
17%
sehr
15%
denke
14%
hier
14%
Machen
14%
weiter
14%
euch
13%
glauben
13%
glauben,
13%
Haar
13%
meinem
13%
schwarz
12%
Schwarz
12%
schwarz,
12%
Hand
11%
Hol
11%
jede
11%
leicht
11%
Also
10%
Fahren
10%
oft
10%
bisschen
8%
Herzen
8%
kalt
8%
oben
8%
tief
8%
traurig
8%
vorbei
8%
zieh
8%
Zieh
8%
Auto,
7%
bleiben
7%
schwer
7%
sieht
7%
bleibt
6%
Gesicht
6%
Provinz
6%
Wald
6%
Wind
6%
Berlin,
5%
lachst
5%
leiser
5%
Nase,
5%
Ort,
5%
Phase
5%
sitz
5%
weht
5%
bläßt
4%
bläst
4%
Brauchen
4%
brauchen
4%
breit
4%
fünf
4%
Hungrig
4%
Jungs,
4%
lügen
4%
Mitte
4%
Scheiße
4%
schreibe
4%
Straßen
4%
Weil‘s
4%
yeah
4%
daran
2%
eisig
2%
Fiat
2%
hinten
2%
kapier‘n
2%
nebenher
2%
Rauch
2%
Rauschen
2%
Rote
2%
steigt
2%
werdet
2%
Witze,
2%
mi‘m
1%
treibt
1%
Keine übereinstimmenden Quizze gefunden
Verteilung der Resultate
Anzahl Personen mit jedem Resultat
Perzentil nach korrekt beantworteten Fragen
Ihre Resultats-Entwicklung
Sie haben dieses Quiz noch nicht gespielt